Library of the University of Algiers 3
Ibrahim Sultan Cheibout
شعار جامعة الجزائر 3
مكتبة جامعة الجزائر 3
إبراهيم سلطان شيبوط

تحليل وتصميم المنظمات / (رقم التسجيلة. 45747)

تفاصيل مارك
000 -LEADER
fixed length control field 01075nam a2200229Ia 4500
003 - CONTROL NUMBER IDENTIFIER
control field Ost
005 - DATE AND TIME OF LATEST TRANSACTION
control field 20260507075658.0
008 - FIXED-LENGTH DATA ELEMENTS--GENERAL INFORMATION
fixed length control field 260507s9999||||xx |||||||||||||| ||und||
040 ## - CATALOGING SOURCE
Transcribing agency fsecg
041 ## - LANGUAGE CODE
Language code of text/sound track or separate title ara
082 ## - DEWEY DECIMAL CLASSIFICATION NUMBER
Classification number 658.001
100 ## - MAIN ENTRY--PERSONAL NAME
Personal name مسلم، علي عبد الهادي
Relator term مؤلف
245 #0 - TITLE STATEMENT
Title تحليل وتصميم المنظمات /
Statement of responsibility, etc. علي عبد الهادي مسلم
260 ## - PUBLICATION, DISTRIBUTION, ETC.
Place of publication, distribution, etc. الاسكندرية:
Name of publisher, distributor, etc. الدار الجامعية,
Date of publication, distribution, etc. 2002
300 ## - PHYSICAL DESCRIPTION
Extent 240 صفحة؛
Other physical details إيضاحات ؛
Dimensions 24 سم
504 ## - BIBLIOGRAPHY, ETC. NOTE
Bibliography, etc. note المراجع ص.233
520 ## - SUMMARY, ETC.
Summary, etc. مقدمة في المنظمات وتطور الفكر التنظيمي، البيئة الخارجية، التكنولوجي، العمر والحجم ودورة حياة المنظمات، الأهداف والفاعلية التنظيمية، صنع القرارات الادارية، النفوذ والمناورات.
653 ## - INDEX TERM--UNCONTROLLED
Uncontrolled term الإدارة العامة
653 ## - INDEX TERM--UNCONTROLLED
Uncontrolled term التنظيم والإدارة
653 ## - INDEX TERM--UNCONTROLLED
Uncontrolled term المنظمات والهيئات- إدارة
942 ## - ADDED ENTRY ELEMENTS (KOHA)
Koha item type كتب

لا توجد مواد متاحة.

موارد الويب المفتوحة


© University of Algiers 3 All Rights Reserved
|
Implemented by LECHELAH Riad